Heathers: The Musical songs in order - Statistics

General Stats
  • This quiz has been taken 549 times
  • The average score is 16 of 23
Answer Stats
Act Answer % Correct
1 Candy Store
97%
1 Dead Girl Walking
96%
1 Beautiful
95%
1 Big Fun
91%
2 Seventeen
89%
1 Freeze Your Brain
86%
1 Blue
84%
2 Dead Girl Walking (Reprise)
82%
1 Fight For Me
81%
2 Shine a Light
80%
1 Our Love is God
78%
2 Lifeboat
77%
2 Meant To Be Yours
77%
1 The Me Inside of Me
74%
2 Seventeen (Reprise)
73%
2 My Dead Gay Son
71%
2 Shine a Light (Reprise)
70%
2 Kindergarten Boyfriend
69%
2 Yo Girl
65%
2 I Am Damaged
55%
1 Blue (Reprise)
24%
2 Prom or Hell?
12%
2 Hey Yo, Westerburg
5%
No matching quizzes found
Score Distribution
Percent of People with Each Score
Percentile by Number Answered
Your Score History
You have not taken this quiz